| 000 | 00592nam a22002177a 4500 | ||
|---|---|---|---|
| 005 | 20170124110154.0 | ||
| 010 | _aA-573419 | ||
| 020 |
_c00.00 _a8170582644 |
||
| 035 | _aA-573419 | ||
| 037 | _bCen Lib/Ret | ||
| 040 |
_aDPL _bEN |
||
| 082 |
_a181.499 _bAUR |
||
| 100 |
_aAurobindo, Sri _912069 |
||
| 245 |
_aSonnets / _cby Sri Aurobindo |
||
| 260 |
_aPondichery _bSri Aurobindo Ashram Trust _c1980 |
||
| 270 | _bPondichery | ||
| 300 |
_a102p. _c15cm(Hb) |
||
| 650 |
_z _aIndian philosophy _934740 |
||
| 650 |
_aSonnets _934741 |
||
| 942 |
_2ddc _cEN _h181.499 _mAUR |
||
| 999 |
_c132451 _d132451 |
||